Obnoviteľné zdroje energie a ich využívanie malými a strednými podnikmi diplomová práca

Uložené v:
Podrobná bibliografia
Hlavný autor: Baleková, Katarína
Korporativný autor: Obchodná fakulta EU. Katedra medzinárodného obchodu
Ďalší autori: Rosenberg, Miloslav
Médium: Kniha
Jazyk:Slovak
Vydavateľské údaje: Bratislava 2009
Tagy: Pridať tag
Žiadne tagy, Buďte prvý, kto otaguje tento záznam!

MARC

LEADER 00000nam$a2200000$$$4500
001 0100559
005 20240318133744.7
041 0 |a slo 
044 |a SK 
245 1 0 |a Obnoviteľné zdroje energie a ich využívanie malými a strednými podnikmi  |b diplomová práca  |c Katarína Baleková ; škol. Miloslav Rosenberg 
264 1 |a Bratislava  |c 2009 
300 |a 80 s. 
100 1 |a Baleková, Katarína 
700 1 |a Rosenberg, Miloslav 
710 2 |a Obchodná fakulta EU. Katedra medzinárodného obchodu